States that Border Kentucky - Statistics

General Stats
  • This quiz has been taken 149 times
  • The average score is 6 of 7
Answer Stats
Hint Answer % Correct
S Tennessee
95%
NE Ohio
94%
NE West Virginia
93%
N Indiana
90%
E Virginia
89%
NW Illinois
88%
W Missouri
85%
No matching quizzes found
Score Distribution
Percent of People with Each Score
Percentile by Number Answered
Your Score History
You have not taken this quiz